000 00470nam a22001457a 4500
999 _c5889
_d5889
008 171026b xxu||||| |||| 00| 0 eng d
020 _a0-8213-4456-0
082 _a338.9 GIB
100 _aThe World Bank
245 _aNongoernmental Organizations in World Bank
_bSupported Projects
_cThe World Bank
_hEnglish
260 _aWashington DC
_bThe World Bank
_c1999
300 _a65p
_bill
_c27cm
650 _2Nongovernmental Organizations in World Bank
942 _2ddc
_cBOOKS